| 000 | 00714cam a22002411 4500 | ||
|---|---|---|---|
| 001 | 17124681 | ||
| 003 | ARRUPE | ||
| 005 | 20170111145605.0 | ||
| 008 | 120118s1963 enk 000 0 eng | ||
| 010 | _a 63003654 | ||
| 040 |
_aDLC _cDLC _dDLC |
||
| 050 | 0 | 0 |
_aBD232 _b.W7 |
| 100 | 1 |
_aWright, G. H. von _q(Georg Henrik), _d1916-2003. _912116 |
|
| 245 | 1 | 4 |
_aThe logic of preference : _ban essay / _cG. H. von Wright. |
| 260 |
_aEdinburgh : _bUniversity Press, _c[1963] |
||
| 300 |
_a67 p. ; _c22 cm. |
||
| 650 | 0 |
_aEthics. _928226 |
|
| 650 | 0 |
_aWorth. _927207 |
|
| 906 |
_a0 _bcbc _cpremunv _d3 _encip _f19 _gy-gencatlg |
||
| 942 |
_2lcc _cMONOGRAPH |
||
| 999 |
_c125940 _d125940 |
||